Indiana Jones Os salteadores da arca perdida (Record no. 44401)

MARC details
000 -Etiqueta do registo
Valores 00502nam a2200181 4500
100 ## - Dados gerais de processamento
Dados gerais 20250403 pory50
101 ## - Língua de publicação
Língua por
102 ## - País de publicação
País PT
200 ## - Titulo e menção de responsabilidade
Título próprio Indiana Jones Os salteadores da arca perdida
Primeira menção de responsabilidade realiz Steven Spielberg
Outras menções de responsabilidade act.s Harrison Ford , Karen Allen
210 ## - Publicação
Nome do editor Paramount Pictures , Lucas Film
-- dist. Lusomundo
215 ## - Descrição física 
Paginação / Volumes 1 DVD
225 ## - Colecção 
Título próprio da colecção Indiana Jones
300 ## - Notas gerais 
Texto da nota 111 min<br/>M/12
675 ## - CDU
Notação 82-311.3
801 ## - Fonte de origem
País PT
Regras de catalogação RPC
990 ## - Elementos KOHA
Tipo de documento Filme DVD
Holdings
Aquisição Empréstimo Código de barras Cota Permissão de empréstimo Tipo de documento Nota relativa ao exemplar
Biblioteca Escolar Doutor Hernâni Cidade Biblioteca Escolar Doutor Hernâni Cidade 80858 ACÇ SPI   Filme DVD 435 Filme de aventuras de Steven Spielberg , da série Indiana Jones

Powered by Koha